The price advantage

Bibliographic Details
Main Author: Baker, Walter L.
Corporate Author: ProQuest (Firm)
Other Authors: Marn, Michael V., Zawada, Craig C.
Format: Electronic eBook
Language:English
Published: Hoboken, N.J. : Wiley, c2010.
Edition:2nd ed.
Series:Wiley finance series.
Subjects:
Online Access:Click to View
LEADER 01450nam a2200409 a 4500
001 EBC537297
003 MiAaPQ
005 20200520144314.0
006 m o d |
007 cr cn|||||||||
008 091207s2010 njuad s 001 0 eng
010 |z  2009051243 
020 |z 9780470481776 (cloth) 
020 |a 9780470632987 (electronic bk.) 
035 |a (MiAaPQ)EBC537297 
035 |a (Au-PeEL)EBL537297 
035 |a (CaPaEBR)ebr10389622 
035 |a (OCoLC)638860264 
040 |a MiAaPQ  |c MiAaPQ  |d MiAaPQ 
050 4 |a HF5416.5  |b .M365 2010 
082 0 4 |a 658.8/16  |2 22 
100 1 |a Baker, Walter L. 
245 1 4 |a The price advantage  |h [electronic resource] /  |c Walter L. Baker, Michael V. Marn, Craig C. Zawada. 
250 |a 2nd ed. 
260 |a Hoboken, N.J. :  |b Wiley,  |c c2010. 
300 |a xviii, 366 p. :  |b ill. 
490 1 |a Wiley finance series 
500 |a Includes index. 
505 0 |a Introduction -- Components of pricing excellence -- Transactions -- Customer value. 
533 |a Electronic reproduction. Ann Arbor, MI : ProQuest, 2015. Available via World Wide Web. Access may be limited to ProQuest affiliated libraries. 
650 0 |a Pricing. 
655 4 |a Electronic books. 
700 1 |a Marn, Michael V. 
700 1 |a Zawada, Craig C. 
710 2 |a ProQuest (Firm) 
830 0 |a Wiley finance series. 
856 4 0 |u https://ebookcentral.proquest.com/lib/matrademy/detail.action?docID=537297  |z Click to View